Хто ми і куди йдемо (Запис № 17587)

000 -Маркер запису
Контрольне поле сталої довжини 00957nam a22002417a 4500
003 - Належність контрольного номера
Контрольне поле Uzh_bibl
008 - Кодовані дані
Контрольне поле сталої довжини 260430b |||||||| |||| 00| 0 ukr d
020 ## - Індекс ISBN
ISBN 5-319-01330-2
Ціна 2.00
040 ## - Джерело каталогіз.
Код мови каталог. укр.
041 ## - Код мови видання
Код мови оригіналу українська
Код мови тексту українська
080 ## - Індекс УДК
Індекс УДК 94(477)
090 ## - Шифри
Поличний індекс 94(477)
Авторський знак П 40
100 ## - Автор
Автор Плющ,Іван
245 ## - Назва
Назва Хто ми і куди йдемо
Фізичний носій Текст
260 ## - Вихідні дані
Видавництво Україна
Місце видання Київ
Дата видання 1993
300 ## - Фізичний опис
Обсяг 351 с.
520 ## - Анотація
Анотація У книзі вміщені доповіді,виступи,а також статті й інтервю кореспондентам вітчизняних і зарубіжних засобів масової інформації І.С.Плюща
521 ## - Примітка про цільове призначення
Примітка про цільове призначення Для широкого кола читачів
546 ## - Примітка про мову
Примітка про мову укр.
650 ## - Тематичні рубрики
Основна рубрика Масово-політичне видання
655 ## - Термін індексування — жанр/форма
Типове ділення доповіді,виступи,статті,інтерв'ю
942 ## - ADDED ENTRY ELEMENTS (KOHA)
Джерело класифікації чи схема поличного розташування
Koha item type Книги
Фонди
Статус вилучення Статус втрати/відсутності Джерело класифікації чи схема поличного розташування Статус пошкодження Тип обігу (не для випозичання) Постійне розташування Поточне розташування Розташування у відділі Дата надходження Інвентарний номер Total Checkouts Повний (примірниковий) шифр зберігання Штрих-код Date last seen Дата, для якої чинна ціна заміни Тип одиниці (рівень примірника)
          Публічна бібліотека Публічна бібліотека Абонемент 30/04/2026 56080   94(477) 19353 30/04/2026 30/04/2026 Книги

Працює на АБІС Коха